| 000 | 00681nam a2200241 i 4500 | ||
|---|---|---|---|
| 001 | 8646 | ||
| 003 | ES-MaACL | ||
| 005 | 20230906145514.0 | ||
| 007 | t| | ||
| 008 | 920818s1990 sp ||||1| spa d | ||
| 020 | _a84-87075-07-X | ||
| 080 | _a86-23"19" | ||
| 080 | _a86(Arroyo,E.7 B.01) | ||
| 100 | 1 |
_aArroyo, Eduardo. _923352 |
|
| 245 | 1 | 0 |
_aBantam / _cEduardo Arroyo. |
| 260 |
_aMadrid : _bEl Público, Centro de Documentación Teatral, _c1990. |
||
| 300 |
_a108 p. ; _c22 cm. |
||
| 490 | 1 |
_aTeatro ; _v7 |
|
| 710 | 1 |
_aCentro de Documentación Teatral (España) _92605 |
|
| 830 | 0 |
_aTeatro ; _v7 _9178026 |
|
| 852 |
_aES-MaACL _jL-16083 _bR.118310 |
||
| 999 |
_c8646 _d8646 |
||